| 000 | 00697nam a2200241 i 4500 | ||
|---|---|---|---|
| 001 | 133905 | ||
| 003 | ES-MaACL | ||
| 005 | 20230906194546.0 | ||
| 007 | t| | ||
| 008 | 070903s1987 xxu ||||1| eng d | ||
| 020 | _a0-674-45970-9 | ||
| 080 | _a301.01 | ||
| 080 | _a17.01 | ||
| 080 | _a231.75:301 | ||
| 100 | 1 |
_aWalzer, Michael. _9116034 |
|
| 245 | 1 | 0 |
_aInterpretation and social criticism / _cMichael Walzer. |
| 260 |
_aCambridge : _bHarvard University Press, _c1987. |
||
| 300 |
_aVII, 96 p. ; _c22 cm. |
||
| 490 | 1 | _aThe Tanner lectures on human values | |
| 830 | 0 |
_aThe Tanner lectures on human values _9219799 |
|
| 852 |
_aES-MaACL _jG-10844 _bR.114451 |
||
| 999 |
_c133905 _d133905 |
||